[Event "Dublin Irish op"]
[Site "Dublin"]
[Date "2019.04.20"]
[Round "6"]
[White "Reprun, Nadejda"]
[Black "O'Mahoney, Keegan"]
[Result "1-0"]
[WhiteElo "1995"]
[BlackElo "1875"]
[PlyCount "71"]
[EventDate "2019.04.17"]
[EventType "swiss"]
[EventRounds "9"]
[EventCountry "IRL"]
[SourceTitle "CBM 189 Extra"]
[Source "ChessBase"]
[SourceDate "2019.06.03"]
[SourceVersion "1"]
[SourceVersionDate "2019.06.03"]
[SourceQuality "1"]

1. e4 d6 2. d4 Nf6 3. Nc3 Nbd7 4. Nf3 e5 5. Bc4 Be7 6. 0-0 c6 7. a4 Qc7 8. Ba2 a5 9. h3 h6 10. Be3 g5 11. dxe5 dxe5 12. Qe2 Nf8 13. Rad1 Ng6 14. Bb3 g4 15. hxg4 Bxg4 16. Qc4 Rh7 17. Nd5 Nxd5 18. exd5 Bxf3 19. gxf3 Nf4 20. Bxf4 exf4 21. Kh2 Qe5 22. Rg1 Qh5+ 23. Kg2 Rg7+ 24. Kf1 Qxf3 25. Rd3 Rxg1+ 26. Kxg1 Qg4+ 27. Kf1 Qh4 28. dxc6 Qh1+ 29. Ke2 Qh5+ 30. Kd2 f3 31. c3 Bg5+ 32. Kc2 Qg6 33. cxb7 Rb8 34. Qc8+ Bd8 35. Qxb8 Qb6 36. Qxd8+ 1-0

[Event "Dublin Irish op"]
[Site "Dublin"]
[Date "2019.04.18"]
[Round "2"]
[White "O'Mahoney, Keegan"]
[Black "O Hanlon, Joseph"]
[Result "1-0"]
[WhiteElo "1875"]
[BlackElo "1548"]
[PlyCount "81"]
[EventDate "2019.04.17"]
[EventType "swiss"]
[EventRounds "9"]
[EventCountry "IRL"]
[SourceTitle "CBM 190 Extra"]
[Source "ChessBase"]
[SourceDate "2019.07.15"]
[SourceVersion "1"]
[SourceVersionDate "2019.07.15"]
[SourceQuality "1"]

1. d4 d5 2. Bg5 Nf6 3. Bxf6 exf6 4. e3 c6 5. c4 Bb4+ 6. Nc3 Qa5 7. Qc2 0-0 8. Bd3 h6 9. Nge2 dxc4 10. Bxc4 Qg5 11. 0-0 Bxc3 12. bxc3 Be6 13. Bxe6 fxe6 14. Nf4 Re8 15. Qb3 Qb5 16. Qxb5 cxb5 17. Rfb1 Nc6 18. Rxb5 b6 19. Rc1 Rac8 20. Nd3 Na5 21. Kf1 Rc7 22. Ke2 Rec8 23. Nc5 Kf7 24. Kd3 Ke7 25. Nb3 Nc4 26. Nd2 Nxd2 27. Kxd2 Rc4 28. Rb4 R4c7 29. Kd3 Kd6 30. c4 e5 31. Rb5 Ke6 32. a4 Kd6 33. a5 bxa5 34. Rd5+ Ke6 35. Rxa5 Kd6 36. c5+ Ke6 37. Kc4 Rd8 38. d5+ Kd7 39. d6 Rb7 40. Kd5 Kc8 41. c6 1-0

[Event "Wch U20 54th"]
[Site "Khanty-Mansiysk"]
[Date "2015.09.11"]
[Round "9"]
[White "O'Mahoney, Keegan"]
[Black "Sabirov, Timur"]
[Result "0-1"]
[WhiteElo "1788"]
[BlackElo "1665"]
[PlyCount "142"]
[EventDate "2015.09.02"]
[EventType "swiss"]
[EventRounds "13"]
[EventCountry "RUS"]
[SourceTitle "EXT 2016"]
[Source "ChessBase"]
[SourceDate "2015.10.08"]
[SourceVersion "1"]
[SourceVersionDate "2015.10.08"]
[SourceQuality "1"]

1. d4 Nf6 2. c4 c5 3. d5 b5 4. cxb5 a6 5. bxa6 g6 6. Nc3 Bxa6 7. Nf3 Bg7 8. e4 Bxf1 9. Kxf1 d6 10. g3 0-0 11. Kg2 Nbd7 12. a4 Qa5 13. Bd2 Rfb8 14. Nb5 Qd8 15. Qe2 Ne8 16. Bc3 Nc7 17. Nxc7 Qxc7 18. Bxg7 Kxg7 19. Rhb1 Rb4 20. Qc2 Nb6 21. b3 Qb7 22. Rd1 Nd7 23. Nd2 Nf6 24. f3 Qa6 25. Nc4 Rab8 26. Rab1 Nd7 27. Qd3 Nb6 28. Ne5 Qxd3 29. Nxd3 Rd4 30. Nb2 Rb4 31. Nd3 Rd4 32. Ne1 Rxd1 33. Rxd1 Kf8 34. Kf2 Ke8 35. Ke2 Kd7 36. Kd2 e6 37. a5 Nc8 38. Kc3 exd5 39. Rxd5 Rb5 40. a6 Ra5 41. Nd3 Nb6 42. Rg5 f6 43. Rg4 Rxa6 44. Rh4 h5 45. Rh3 Nc8 46. g4 hxg4 47. Rh7+ Kc6 48. fxg4 Ra7 49. Rxa7 Nxa7 50. Nf4 Nb5+ 51. Kc4 g5 52. Nd5 Nd4 53. Nxf6 Nf3 54. Kd3 Kb5 55. Ke2 Ne5 56. h3 Kb4 57. Kd2 Kxb3 58. Nd5 c4 59. Kc1 c3 60. Ne3 Nd3+ 61. Kb1 Nf2 62. Kc1 Nxe4 63. Nf5 d5 64. Nd4+ Kc4 65. Nf3 d4 66. Nxg5 Nxg5 67. h4 Kd3 68. Kd1 c2+ 69. Kc1 Kc3 70. hxg5 d3 71. g6 d2# 0-1

[Event "Wch U20 54th"]
[Site "Khanty-Mansiysk"]
[Date "2015.09.05"]
[Round "4"]
[White "O'Mahoney, Keegan"]
[Black "Dias, Matheus Nunes"]
[Result "1-0"]
[WhiteElo "1788"]
[BlackElo "1699"]
[PlyCount "83"]
[EventDate "2015.09.02"]
[EventType "swiss"]
[EventRounds "13"]
[EventCountry "RUS"]
[SourceTitle "EXT 2016"]
[Source "ChessBase"]
[SourceDate "2015.10.08"]
[SourceVersion "1"]
[SourceVersionDate "2015.10.08"]
[SourceQuality "1"]

1. d4 Nf6 2. c4 g6 3. Nc3 Bg7 4. e4 d6 5. Nf3 0-0 6. Be2 e5 7. 0-0 Nc6 8. d5 Ne7 9. Ne1 Ne8 10. Be3 f5 11. f3 f4 12. Bf2 g5 13. c5 h5 14. cxd6 cxd6 15. a4 Nf6 16. a5 Ng6 17. Nb5 g4 18. Bxa7 g3 19. Bb6 Qe7 20. Qd2 Nh7 21. Bd3 Qh4 22. h3 Ng5 23. Nxd6 Bxh3 24. gxh3 Nxh3+ 25. Kg2 Nf2 26. Rxf2 Qh2+ 27. Kf1 Qh1+ 28. Ke2 gxf2 29. Bxf2 Nh4 30. Bxh4 Qxh4 31. Nxb7 Qg3 32. Kf1 Qh4 33. Qf2 Qe7 34. a6 Qb4 35. Ra5 Rfc8 36. Rb5 Qa4 37. Nc5 Qa1 38. Rb7 Rf8 39. Qg2 Rf7 40. Ne6 Ra7 41. Nxg7 Raxb7 42. axb7 1-0